[Event "ECU-ch U18 Girls"]
[Site "Riobamba"]
[Date "2023.04.12"]
[Round "1"]
[White "Oblitas Calle, Alexa Domenik"]
[Black "Villamar Mera, Allison Michelle"]
[Result "1-0"]
[WhiteElo "1430"]
[BlackElo "1096"]
[PlyCount "89"]
[EventDate "2023.04.12"]
[EventType "swiss"]
[EventRounds "9"]
[EventCountry "ECU"]
[SourceTitle "EXT 2024"]
[Source "ChessBase"]
[SourceDate "2023.10.10"]
[SourceVersion "1"]
[SourceVersionDate "2023.10.10"]
[SourceQuality "1"]

1. e4 e5 2. d4 exd4 3. Qxd4 Nc6 4. Qe3 Nf6 5. Nf3 d6 6. Nc3 Bg4 7. Bb5 a6 8. Ba4 b5 9. Bb3 Na5 10. h3 Bxf3 11. Qxf3 Nxb3 12. axb3 h6 13. Be3 Be7 14. e5 dxe5 15. Qc6+ Nd7 16. Nxb5 0-0 17. Nc3 Qc8 18. Nd5 Bd8 19. Nb4 a5 20. 0-0 Nf6 21. Nd5 Re8 22. Nxf6+ Bxf6 23. Qc3 e4 24. Bd4 Bxd4 25. Qxd4 Qb7 26. Rfe1 Qb6 27. Rxe4 Qxd4 28. Rxd4 Re5 29. Rc4 Ra7 30. f4 Re2 31. Kf1 Rd2 32. Re1 Kf8 33. Re5 f6 34. Rec5 Rd7 35. Ra4 Rd2 36. Rac4 Rd7 37. Ke2 Re7+ 38. Kf3 Rd7 39. Ra4 Rd2 40. b4 Rd4 41. Raxa5 Rxa5 42. bxa5 Ra4 43. c3 Ke8 44. Rxc7 Rxa5 45. Rxg7 1-0

[Event "ECU-ch (Women)"]
[Site "Banos de Agua Santa"]
[Date "2020.03.13"]
[Round "6"]
[White "Oblitas Calle, Alexa Domenik"]
[Black "Pacheco Jimenez, Yesenia Camila"]
[Result "0-1"]
[WhiteElo "1270"]
[BlackElo "1630"]
[PlyCount "48"]
[EventDate "2020.03.10"]
[EventType "swiss"]
[EventRounds "9"]
[EventCountry "ECU"]
[SourceTitle "CBM 195 Extra"]
[Source "ChessBase"]
[SourceDate "2020.05.31"]
[SourceVersion "1"]
[SourceVersionDate "2020.05.31"]
[SourceQuality "1"]

1. e4 c5 2. Nf3 e6 3. c3 Nc6 4. d4 cxd4 5. cxd4 d5 6. exd5 Qxd5 7. Nc3 Qd8 8. Be2 Nf6 9. 0-0 Be7 10. Bg5 0-0 11. Bf4 a6 12. Bc4 b5 13. Bd3 Bb7 14. a3 Kh8 15. Be4 Nxe4 16. Nxe4 Nxd4 17. Qxd4 Qxd4 18. Nxd4 Bxe4 19. Rfe1 Bd5 20. Rac1 Rac8 21. Rxc8 Rxc8 22. Nf5 Bxa3 23. bxa3 exf5 24. h3 Be6 0-1

[Event "Pan American-ch School U11 Girls"]
[Site "Medellin"]
[Date "2019.11.17"]
[Round "9.2"]
[White "Mayorga Araya, Sofia"]
[Black "Oblitas Calle, Alexa Domenik"]
[Result "1-0"]
[WhiteElo "1236"]
[BlackElo "1289"]
[PlyCount "53"]
[EventDate "2019.11.12"]
[EventType "swiss"]
[EventRounds "9"]
[EventCountry "COL"]
[SourceTitle "EXT 2024"]
[Source "ChessBase"]
[SourceDate "2023.10.10"]
[SourceVersion "1"]
[SourceVersionDate "2023.10.10"]
[SourceQuality "1"]

1. e4 c5 2. Nf3 g6 3. d4 Bg7 4. c4 Qb6 5. Nc3 cxd4 6. Nd5 Qa5+ 7. b4 Qd8 8. Nxd4 Nf6 9. Nxf6+ Bxf6 10. Bb2 Qb6 11. a3 d6 12. Qc2 Bxd4 13. c5 Qc6 14. Bxd4 0-0 15. Bd3 d5 16. 0-0 Be6 17. Rfe1 Qd7 18. Qb2 f6 19. Rac1 Nc6 20. exd5 Qxd5 21. Rxe6 Qxd4 22. Qxd4 Nxd4 23. Rxe7 b6 24. c6 Rfe8 25. Rxe8+ Rxe8 26. c7 Rc8 27. Ba6 1-0

[Event "Pan American-ch School U11 Girls"]
[Site "Medellin"]
[Date "2019.11.14"]
[Round "5.2"]
[White "Pisani Revilla, Andrea Elaine"]
[Black "Oblitas Calle, Alexa Domenik"]
[Result "0-1"]
[WhiteElo "1225"]
[BlackElo "1289"]
[PlyCount "98"]
[EventDate "2019.11.12"]
[EventType "swiss"]
[EventRounds "9"]
[EventCountry "COL"]
[SourceTitle "EXT 2024"]
[Source "ChessBase"]
[SourceDate "2023.10.10"]
[SourceVersion "1"]
[SourceVersionDate "2023.10.10"]
[SourceQuality "1"]

1. e4 e5 2. Nf3 Nf6 3. Nc3 Nc6 4. Bc4 Nxe4 5. Nxe4 d5 6. Bxd5 Qxd5 7. d3 Bf5 8. Nc3 Bb4 9. Bd2 Bxc3 10. Bxc3 Bg4 11. Qe2 0-0 12. Qe3 Bxf3 13. gxf3 Nd4 14. Bxd4 exd4 15. Qf4 Rfe8+ 16. Kd2 Qa5+ 17. Kd1 Qd5 18. Rg1 Qe5 19. Qxe5 Rxe5 20. Kd2 Rae8 21. Rae1 R8e6 22. f4 Rf5 23. Rxe6 fxe6 24. Rg4 c5 25. h4 b6 26. Ke2 g6 27. Kf3 Kf7 28. Rg5 h6 29. Rg4 e5 30. Ke4 h5 31. Rg5 Rxf4+ 32. Kxe5 Rxf2 33. c3 dxc3 34. bxc3 Rxa2 35. d4 cxd4 36. cxd4 Re2+ 37. Kd6 Re4 38. d5 Rxh4 39. Kc7 Rc4+ 40. Kb7 Rd4 41. Kc6 Kf6 42. Rg1 g5 43. d6 g4 44. Re1 g3 45. d7 h4 46. Rg1 Rd3 47. Kc7 Kg5 48. Re1 g2 49. Re5+ Kf4 0-1